000 00612nam a22002297a 4500
003 UA-OsUOA
001 100835
007 ta
008 20130531b un ||||| |||| 00| 0 ukr d
100 _aШрайєр В.
090 _a821.182.2
_bШ85
942 _cBK
040 _aUA-OsUOA
_bukr
_cUA-OsUOA
_dUA-OsUOA
245 _aЖовта акула
_bроман
300 _a234 с.
955 _a3
041 _aukr
080 _a821.182.2
260 _aК.
_bРадянський письменник
_c1973
650 7 _a82 Література. Літературознавство
_2UDC
999 _c386724
_d386724